000 01658cam a2200385 a 4500
999 _c105398
_d105398
003 BJBSDDR
005 20230411085643.0
007 ta
008 021001s2002 nyu 000 0 eng d
020 _a0375415041
035 _a(OCoLC)ocm50437007
040 _aPNX
_cBJBSDDR
_bspa
041 _aeng
042 _alccopycat
050 0 0 _aPN 6110
_bP744 2002
082 0 0 _a808.81
_221
245 0 0 _aPoems of New York /
_cselected and edited by Elizabeth Schmidt.
260 _aNew York :
_bA.A. Knopf :
_bDistributed by Random House,
_c2002.
300 _a256 p. ;
_c17 cm.
490 _aEveryman's library pocket poets
520 _aPresents a collection of poetry that captures the rich diversity of the city from such poets as Dorothy Parker, James Merrill, W.H. Auden, Allen Ginsberg, Audre Lorde, and Wallace Stevens.
650 0 _aPoetry, Modern
_y20th century.
650 0 _aAmerican poetry
_y20th century.
650 0 _aEnglish poetry
_y20th century.
650 0 _aPoesía moderna
_9889
650 0 _aPoesía americana
_9891
651 0 _aNew York (N.Y.)
_vPoetry.
856 4 1 _3Sample text
_uhttp://www.loc.gov/catdir/samples/random043/2002514471.html
856 4 2 _3Publisher description
_uhttp://www.loc.gov/catdir/description/random046/2002514471.html
856 4 1 _3Table of contents only
_uhttp://www.loc.gov/catdir/enhancements/fy0661/2002514471-t.html
856 4 2 _3Contributor biographical information
_uhttps://www.loc.gov/catdir/enhancements/fy1616/2002514471-b.html
906 _a7
_bcbc
_ccopycat
_d2
_encip
_f20
_gy-gencatlg
942 _2lcc
_cBK